000 00345 a2200157 4500
001 59864
020 _a3407808933
040 _cAnchieta - Pituba
100 _aKordon, Klaus
240 1 0 _aKrokodil im nacken
_lpor
245 1 0 _aKrokodil im nacken
300 _a795
362 0 _a2002
650 4 _aLiteratura juvenil em alemão
942 _cBK
999 _c59864
_d59864